Marxova teorija deneg i sovremennoje bumažnodenežnoje obraščenije.
Charakteristika názorov na ekonomickú funkciu zlata v súčasných podmienkach. Hlavné momenty Marxovej teórie peňazí, majúce metodologicky význam pre vedecké určenie monetárnych možností zlata v súčasnej etape kapitalistického rozvoja. Podstata súčasných papierových peňazí ako principiálne novej formy...
Salvato in:
| Autore principale: | |
|---|---|
| Natura: | Capitolo di libro |
| Lingua: | russo |
| Soggetti: | |
| Tags: |
Nessun Tag, puoi essere il primo ad aggiungerne!!
|
MARC
| LEADER | 00000naa a2200000 4500 | ||
|---|---|---|---|
| 001 | r002302 | ||
| 005 | 20220909073706.9 | ||
| 041 | 0 | |a rus | |
| 044 | |a [SU] | ||
| 245 | 1 | 0 | |a Marxova teorija deneg i sovremennoje bumažnodenežnoje obraščenije. |c L. Reznikov |
| 520 | |a Charakteristika názorov na ekonomickú funkciu zlata v súčasných podmienkach. Hlavné momenty Marxovej teórie peňazí, majúce metodologicky význam pre vedecké určenie monetárnych možností zlata v súčasnej etape kapitalistického rozvoja. Podstata súčasných papierových peňazí ako principiálne novej formy peňazí a vzťahu papierových peňazí a inflácie. | ||
| 610 | 2 | 0 | |a teória peňažná |
| 610 | 2 | 0 | |a obeh peňažný |
| 610 | 2 | 0 | |a zlato |
| 610 | 2 | 0 | |a metodológia |
| 610 | 2 | 0 | |a veda finančná |
| 610 | 2 | 0 | |a monetarizmus |
| 610 | 2 | 0 | |a inflácia |
| 610 | 2 | 0 | |a peniaze |
| 610 | 2 | 0 | |a Marx, K. |
| 100 | 1 | |a Reznikov, L. | |